[Event "Boudiba Memorial"]
[Site "chess24.com INT"]
[Date "2020.06.14"]
[Round "7"]
[White "Bousmaha, Wassel"]
[Black "Bellahcene, Bilel"]
[Result "0-1"]
[WhiteElo "2039"]
[BlackElo "2501"]
[PlyCount "104"]
[EventDate "2020.06.14"]
[EventType "tourn (blitz)"]
[EventRounds "15"]
[EventCountry "ALG"]
[EventCategory "5"]
[SourceTitle "CBM 196 Extra"]
[Source "ChessBase"]
[SourceDate "2020.07.31"]
[SourceVersion "1"]
[SourceVersionDate "2020.07.31"]
[SourceQuality "1"]

1. e4 c6 2. d4 d5 3. Nd2 dxe4 4. Nxe4 Nf6 5. Nxf6+ exf6 6. Bf4 Be6 7. c3 Bd6 8. Bxd6 Qxd6 9. Bd3 0-0 10. Nf3 a5 11. 0-0 Nd7 12. Qc2 g6 13. Nd2 f5 14. Bc4 Rfe8 15. Bxe6 Rxe6 16. Nf3 Rae8 17. Rae1 Rxe1 18. Rxe1 Rxe1+ 19. Nxe1 Qe6 20. Nf3 Qxa2 21. h3 Qe6 22. Qa4 b6 23. Qa3 h6 24. b4 axb4 25. Qxb4 b5 26. Qa5 Kg7 27. Qc7 g5 28. Ne5 Nxe5 29. dxe5 f4 30. Kh2 Kg6 31. Kg1 h5 32. Qb6 Kf5 33. Qc5 g4 34. h4 Qxe5 35. Qxc6 Qe1+ 36. Kh2 Qxf2 37. Qd5+ Kf6 38. Qd6+ Kg7 39. Qe5+ f6 40. Qe7+ Kg6 41. Qe8+ Kf5 42. Qxb5+ Ke4 43. Qc4+ Ke3 44. Qd4+ Ke2 45. Qe4+ Kd2 46. c4 Qxh4+ 47. Kg1 Qe1+ 48. Qxe1+ Kxe1 49. c5 f3 50. gxf3 gxf3 51. c6 f2+ 52. Kh2 f1Q 0-1

[Event "Boudiba Memorial"]
[Site "chess24.com INT"]
[Date "2020.06.14"]
[Round "11"]
[White "Bousmaha, Wassel"]
[Black "Flom, Gabriel"]
[Result "0-1"]
[WhiteElo "2039"]
[BlackElo "2514"]
[PlyCount "72"]
[EventDate "2020.06.14"]
[EventType "tourn (blitz)"]
[EventRounds "15"]
[EventCountry "ALG"]
[EventCategory "5"]
[SourceTitle "CBM 196 Extra"]
[Source "ChessBase"]
[SourceDate "2020.07.31"]
[SourceVersion "1"]
[SourceVersionDate "2020.07.31"]
[SourceQuality "1"]

1. e4 c6 2. d4 d5 3. Nd2 dxe4 4. Nxe4 Bf5 5. Ng3 Bg6 6. N1e2 e6 7. Nf4 Bd6 8. h4 Qc7 9. Nxg6 hxg6 10. Ne4 Nf6 11. Bd3 Nxe4 12. Bxe4 Nd7 13. Be3 Nf6 14. Bf3 Qb6 15. Rb1 Qa5+ 16. c3 Qxa2 17. Qc1 Nd5 18. Ra1 Qb3 19. Bd1 Qb6 20. b3 c5 21. dxc5 Bxc5 22. Bxc5 Qxc5 23. c4 Nf6 24. Qc3 0-0-0 25. Bf3 Kb8 26. Ra5 Qd4 27. Qb4 Ne4 28. 0-0 Rxh4 29. Rb5 b6 30. c5 Qxb4 31. Rxb4 Rdh8 32. g3 Nd2 33. gxh4 Nxf3+ 34. Kg2 Nxh4+ 35. Kg3 Nf5+ 36. Kf4 Rh4+ 0-1

[Event "Boudiba Memorial"]
[Site "chess24.com INT"]
[Date "2020.06.14"]
[Round "15"]
[White "Bousmaha, Wassel"]
[Black "Oussedik, Mahfoud"]
[Result "0-1"]
[WhiteElo "2039"]
[BlackElo "2404"]
[PlyCount "132"]
[EventDate "2020.06.14"]
[EventType "tourn (blitz)"]
[EventRounds "15"]
[EventCountry "ALG"]
[EventCategory "5"]
[SourceTitle "CBM 196 Extra"]
[Source "ChessBase"]
[SourceDate "2020.07.31"]
[SourceVersion "1"]
[SourceVersionDate "2020.07.31"]
[SourceQuality "1"]

1. e4 c5 2. Nf3 g6 3. c4 Bg7 4. d4 cxd4 5. Nxd4 Nc6 6. Be3 d6 7. Nc3 Nf6 8. Be2 0-0 9. f3 Nxd4 10. Bxd4 Bd7 11. Rc1 a5 12. b3 Bc6 13. 0-0 Nd7 14. Bxg7 Kxg7 15. Qd4+ Kg8 16. Rfd1 Qb6 17. Qxb6 Nxb6 18. Nd5 Bxd5 19. exd5 Nd7 20. f4 Nc5 21. Bf1 Rfc8 22. Re1 Rc7 23. Re3 Kf8 24. Rh3 Kg7 25. Re3 Ra6 26. Rce1 Kf6 27. g4 e6 28. Bg2 Rb6 29. dxe6 Nxe6 30. f5 gxf5 31. gxf5 Nd4 32. Rf1 a4 33. Rd3 Ne2+ 34. Kh1 axb3 35. axb3 Re7 36. Rh3 Nd4 37. Bd5 Rxb3 38. Rh6+ Kg5 39. Rxh7 Re2 40. Rxf7 Rbb2 41. Rg7+ Kh6 42. Rg2 Rxg2 43. Bxg2 Kg7 44. f6+ Kf8 45. Bd5 Ne2 46. Rf2 Ng3+ 47. hxg3 Rxf2 48. f7 Rd2 49. Bxb7 Kxf7 50. Bd5+ Kf6 51. g4 Kg5 52. Be6 Re2 53. Bf5 Kf4 54. Kg1 Rb2 55. Kf1 Rb4 56. Be6 Kf3 57. Bd5+ Kxg4 58. Ke2 Rb3 59. Kd2 Rg3 60. Kc2 Kf4 61. Be6 Ke5 62. Bd5 Kd4 63. Kb2 Rc3 64. Ka2 Rxc4 65. Bxc4 Kxc4 66. Kb2 Kd3 0-1

[Event "Boudiba Memorial"]
[Site "chess24.com INT"]
[Date "2020.06.14"]
[Round "9"]
[White "Bousmaha, Wassel"]
[Black "Vlachos, Anatole"]
[Result "0-1"]
[WhiteElo "2039"]
[BlackElo "2401"]
[PlyCount "82"]
[EventDate "2020.06.14"]
[EventType "tourn (blitz)"]
[EventRounds "15"]
[EventCountry "ALG"]
[EventCategory "5"]
[SourceTitle "CBM 196 Extra"]
[Source "ChessBase"]
[SourceDate "2020.07.31"]
[SourceVersion "1"]
[SourceVersionDate "2020.07.31"]
[SourceQuality "1"]

1. e4 g6 2. d4 Bg7 3. Nf3 d6 4. c4 Bg4 5. Be2 c5 6. Be3 Nc6 7. e5 cxd4 8. Nxd4 Bxe2 9. Qxe2 dxe5 10. Nxc6 bxc6 11. Nc3 Nf6 12. Rd1 Qc7 13. 0-0 0-0 14. Bg5 Rab8 15. Bxf6 Bxf6 16. Ne4 Rfd8 17. Nc5 Qa5 18. Nd7 Rbc8 19. b3 Bg7 20. Qe3 Qc7 21. Nc5 Rd4 22. Qh3 Rcd8 23. Qf3 e6 24. Ne4 f5 25. Ng5 e4 26. Qe2 Qe7 27. Nh3 Be5 28. Rxd4 Bxd4 29. Kh1 c5 30. f3 e3 31. Nf4 g5 32. Nd3 f4 33. g3 e5 34. gxf4 exf4 35. Rg1 Kh8 36. Qg2 e2 37. Re1 Re8 38. Nc1 Qe3 39. Qxe2 h5 40. Qxe3 Bxe3 41. Nd3 Rd8 0-1

[Event "Boudiba Memorial"]
[Site "chess24.com INT"]
[Date "2020.06.14"]
[Round "6"]
[White "Choukri, Adel"]
[Black "Bousmaha, Wassel"]
[Result "1-0"]
[WhiteElo "2311"]
[BlackElo "2039"]
[PlyCount "53"]
[EventDate "2020.06.14"]
[EventType "tourn (blitz)"]
[EventRounds "15"]
[EventCountry "ALG"]
[EventCategory "5"]
[SourceTitle "CBM 196 Extra"]
[Source "ChessBase"]
[SourceDate "2020.07.31"]
[SourceVersion "1"]
[SourceVersionDate "2020.07.31"]
[SourceQuality "1"]

1. e4 e5 2. Nf3 Nc6 3. Bb5 a6 4. Bxc6 dxc6 5. d4 exd4 6. Qxd4 Qxd4 7. Nxd4 c5 8. Nb3 b6 9. Nc3 Bb7 10. Bg5 f6 11. Bf4 0-0-0 12. 0-0 Bd6 13. Bxd6 Rxd6 14. Rfe1 Ne7 15. e5 fxe5 16. Rxe5 Nc6 17. Rg5 Nb4 18. Rxg7 Nxc2 19. Rc1 Nd4 20. Nxd4 cxd4 21. Nb5 Rc6 22. Na7+ Kb8 23. Nxc6+ Bxc6 24. Rxc6 Rd8 25. Rcxc7 d3 26. Rb7+ Ka8 27. Rbd7 1-0

[Event "Boudiba Memorial"]
[Site "chess24.com INT"]
[Date "2020.06.14"]
[Round "2"]
[White "Hamdouchi, Hicham"]
[Black "Bousmaha, Wassel"]
[Result "1-0"]
[WhiteElo "2561"]
[BlackElo "2039"]
[PlyCount "53"]
[EventDate "2020.06.14"]
[EventType "tourn (blitz)"]
[EventRounds "15"]
[EventCountry "ALG"]
[EventCategory "5"]
[SourceTitle "CBM 196 Extra"]
[Source "ChessBase"]
[SourceDate "2020.07.31"]
[SourceVersion "1"]
[SourceVersionDate "2020.07.31"]
[SourceQuality "1"]

1. e4 e5 2. Nf3 Nc6 3. Bb5 a6 4. Ba4 Nf6 5. 0-0 b5 6. Bb3 Be7 7. d3 d6 8. a4 Rb8 9. axb5 axb5 10. h3 0-0 11. Nc3 b4 12. Nd5 Bb7 13. c3 bxc3 14. bxc3 Nxd5 15. exd5 e4 16. dxc6 exf3 17. cxb7 fxg2 18. Re1 Rxb7 19. Bd5 Rb8 20. d4 Bf6 21. Qg4 c5 22. Be3 cxd4 23. Bxd4 Bxd4 24. cxd4 Qf6 25. Ra3 Rb4 26. Rf3 Qxd4 27. Rxf7 1-0

[Event "African-ch U18"]
[Site "Kisumu"]
[Date "2018.08.14"]
[Round "4.1"]
[White "Kandil, Adham"]
[Black "Bousmaha, Wassel"]
[Result "1-0"]
[WhiteElo "2290"]
[BlackElo "1849"]
[PlyCount "89"]
[EventDate "2018.08.12"]
[EventType "swiss"]
[EventRounds "9"]
[EventCountry "KEN"]
[SourceTitle "EXT 2024"]
[Source "ChessBase"]
[SourceDate "2023.10.10"]
[SourceVersion "1"]
[SourceVersionDate "2023.10.10"]
[SourceQuality "1"]

1. e4 e5 2. Nf3 Nc6 3. Bb5 a6 4. Ba4 Nf6 5. 0-0 b5 6. Bb3 Bc5 7. d3 d6 8. a3 h6 9. Be3 Bb7 10. h3 0-0 11. Nc3 Bc8 12. Nd5 Be6 13. c3 Bxe3 14. fxe3 Bxd5 15. exd5 Ne7 16. e4 Ng6 17. Bc2 Re8 18. Kh2 Rc8 19. a4 c6 20. dxc6 Rxc6 21. axb5 axb5 22. d4 Qb8 23. d5 Rc5 24. Ne1 Qc8 25. Ra5 Qc7 26. Ra3 Qc8 27. Rb3 Nf4 28. Nd3 Nxd3 29. Bxd3 Qd7 30. Qe2 Qb7 31. Bxb5 Qd7 32. c4 Ra8 33. Rg3 Qe7 34. b4 Rcc8 35. Bc6 Ra7 36. b5 Rb8 37. b6 Rxb6 38. Qe3 Rxc6 39. dxc6 Kh7 40. Rgf3 Rc7 41. Qb6 Qd8 42. Rd1 Kg8 43. c5 Qc8 44. Rxf6 Rxc6 45. Rfxd6 1-0

[Event "African-ch U18"]
[Site "Kisumu"]
[Date "2018.08.13"]
[Round "2.3"]
[White "Bousmaha, Wassel"]
[Black "Shah, Dev Bijesh"]
[Result "1-0"]
[WhiteElo "1849"]
[BlackElo "1506"]
[PlyCount "117"]
[EventDate "2018.08.12"]
[EventType "swiss"]
[EventRounds "9"]
[EventCountry "KEN"]
[SourceTitle "EXT 2024"]
[Source "ChessBase"]
[SourceDate "2023.10.10"]
[SourceVersion "1"]
[SourceVersionDate "2023.10.10"]
[SourceQuality "1"]

1. e4 c5 2. Nf3 Nc6 3. d4 cxd4 4. Nxd4 g6 5. c4 Bg7 6. Be3 d6 7. Nc3 Nf6 8. Be2 0-0 9. Rc1 Nxd4 10. Bxd4 b6 11. 0-0 Bb7 12. Bf3 Rc8 13. b3 Qd7 14. Qe2 Rfd8 15. Rfd1 Re8 16. Bxf6 Bxf6 17. Bg4 e6 18. e5 Be7 19. exd6 Bg5 20. Rc2 f5 21. Bf3 Bxf3 22. Qxf3 Rc6 23. Nb5 a6 24. Nc7 Rd8 25. Nxe6 Rxd6 26. Rxd6 Qxd6 27. Nxd8 Qxd8 28. Qd5+ Kf8 29. Re2 Qf6 30. Qe5 Qd8 31. Qh8+ Kf7 32. Qxd8 Bxd8 33. h3 f4 34. g4 g5 35. Kg2 Kf6 36. Kf3 Be7 37. Re4 Bc5 38. Ke2 h6 39. f3 a5 40. Kd3 Be3 41. Rxe3 fxe3 42. Kxe3 Ke5 43. a3 Kd6 44. Kd4 Kc6 45. b4 axb4 46. axb4 Kd6 47. c5+ bxc5+ 48. bxc5+ Ke6 49. Ke4 Kf6 50. Kd5 Ke7 51. Kc6 Ke6 52. Kb7 Ke5 53. c6 Kf4 54. c7 Kxf3 55. c8Q Kg3 56. Qc3+ Kh4 57. Qf3 h5 58. gxh5 g4 59. Qxg4# 1-0

[Event "African-ch U18"]
[Site "Kisumu"]
[Date "2018.08.12"]
[Round "1.3"]
[White "Van der Meer, Anthony"]
[Black "Bousmaha, Wassel"]
[Result "0-1"]
[WhiteElo "1270"]
[BlackElo "1849"]
[PlyCount "48"]
[EventDate "2018.08.12"]
[EventType "swiss"]
[EventRounds "9"]
[EventCountry "KEN"]
[SourceTitle "EXT 2024"]
[Source "ChessBase"]
[SourceDate "2023.10.10"]
[SourceVersion "1"]
[SourceVersionDate "2023.10.10"]
[SourceQuality "1"]

1. e4 e5 2. Nf3 Nc6 3. d4 exd4 4. Nxd4 Qf6 5. c3 Bc5 6. Be3 Nge7 7. Bc4 Ne5 8. Be2 Qg6 9. 0-0 0-0 10. f4 Qxe4 11. Qd2 N5c6 12. Bf3 Qg6 13. Kh1 Nxd4 14. cxd4 Bb6 15. Nc3 h6 16. Be4 Qf6 17. g4 d5 18. Nxd5 Nxd5 19. Bxd5 Bxg4 20. Bxb7 Rad8 21. d5 Bxe3 22. Qxe3 Qxb2 23. Qb3 Qd4 24. Rac1 Bf5 0-1

[Event "Africa-ch U12"]
[Site "Cairo"]
[Date "2017.12.06"]
[Round "6.1"]
[White "Khaled, Yousef"]
[Black "Bousmaha, Wassel"]
[Result "0-1"]
[WhiteElo "1670"]
[BlackElo "1827"]
[PlyCount "112"]
[EventDate "2017.12.03"]
[EventType "swiss"]
[EventRounds "9"]
[EventCountry "EGY"]
[SourceTitle "EXT 2024"]
[Source "ChessBase"]
[SourceDate "2023.10.10"]
[SourceVersion "1"]
[SourceVersionDate "2023.10.10"]
[SourceQuality "1"]

1. e4 e5 2. Nf3 Nc6 3. Nc3 Nf6 4. Be2 Bb4 5. 0-0 0-0 6. Nd5 Bd6 7. d3 Nxd5 8. exd5 Ne7 9. c4 h6 10. Be3 b6 11. Nd2 Nf5 12. Ne4 Nxe3 13. fxe3 Be7 14. d4 d6 15. Qc2 Bd7 16. c5 exd4 17. c6 Bc8 18. exd4 f5 19. Ng3 g6 20. Bd3 Bf6 21. Qc3 Qe7 22. Bc2 a5 23. Rad1 Ba6 24. Rfe1 Qg7 25. Re6 Rae8 26. Bb3 Bc8 27. Qe3 Bxe6 28. dxe6 Re7 29. a4 Rd8 30. Bd5 Rb8 31. Bc4 Bh4 32. Rf1 Rf8 33. b3 Bxg3 34. hxg3 Rf6 35. Rf2 Kh8 36. d5 Qf8 37. Bd3 g5 38. Qd4 Kg8 39. g4 f4 40. Be4 Qg7 41. Bf5 h5 42. Rf3 hxg4 43. Bxg4 Rh6 44. Qxg7+ Kxg7 45. Rh3 Rxh3 46. gxh3 Kf6 47. Kf2 Ke5 48. Bf3 Kd4 49. Kf1 Ke3 50. Kg2 Kd2 51. h4 gxh4 52. Kh3 Ke3 53. Bg2 f3 54. Bf1 Rh7 55. Bc4 Kd2 56. Kh2 Ke1 0-1

[Event "Africa-ch U12"]
[Site "Cairo"]
[Date "2017.12.03"]
[Round "1.2"]
[White "Bousmaha, Wassel"]
[Black "Oosthuizen, Michal Jacobus"]
[Result "1-0"]
[WhiteElo "1827"]
[BlackElo "1417"]
[PlyCount "58"]
[EventDate "2017.12.03"]
[EventType "swiss"]
[EventRounds "9"]
[EventCountry "EGY"]
[SourceTitle "EXT 2024"]
[Source "ChessBase"]
[SourceDate "2023.10.10"]
[SourceVersion "1"]
[SourceVersionDate "2023.10.10"]
[SourceQuality "1"]

1. e4 c6 2. d4 d5 3. Nd2 dxe4 4. Nxe4 Nf6 5. Nxf6+ exf6 6. Bc4 Bd6 7. Nf3 0-0 8. 0-0 Nd7 9. Re1 Nb6 10. Bb3 Bf5 11. Be3 Qd7 12. c4 Bb4 13. Rf1 Bg4 14. a3 Be7 15. h3 Bh5 16. Bf4 Qf5 17. Bh2 Bxf3 18. Qxf3 Qxf3 19. gxf3 Rad8 20. Rfe1 Rfe8 21. Rad1 Kf8 22. Re3 Rd7 23. Red3 Rc8 24. Bf4 g5 25. Be3 f5 26. f4 g4 27. Kh2 h5 28. Ba2 c5 29. d5 Bd6 1-0

[Event "Wch U12"]
[Site "Batumi"]
[Date "2016.10.30"]
[Round "11"]
[White "Bousmaha, Wassel"]
[Black "Ayoub, Georges Gaspard"]
[Result "1/2-1/2"]
[WhiteElo "1765"]
[BlackElo "1674"]
[PlyCount "69"]
[EventDate "2016.10.19"]
[EventType "swiss"]
[EventRounds "11"]
[EventCountry "GEO"]
[SourceTitle "EXT 2018"]
[Source "ChessBase"]
[SourceDate "2017.10.13"]
[SourceVersion "1"]
[SourceVersionDate "2017.10.13"]
[SourceQuality "1"]

1. e4 c5 2. Nf3 d6 3. d4 cxd4 4. Nxd4 Nf6 5. Nc3 a6 6. Be2 e5 7. Nf3 Be7 8. Bg5 Be6 9. Bxf6 Bxf6 10. 0-0 0-0 11. Nd5 Bxd5 12. Qxd5 Qc7 13. c4 Be7 14. Rfd1 Nd7 15. Rac1 Nf6 16. Qd3 Qc6 17. Nd2 Rac8 18. Bf3 Rc7 19. Nf1 Rfc8 20. Ne3 g6 21. b3 Qd7 22. h3 Qc6 23. Rc2 Kg7 24. g4 Bf8 25. g5 Nd7 26. Nd5 Nc5 27. Qe3 Rd7 28. Bg4 Ne6 29. Bxe6 fxe6 30. Nb6 Rf7 31. Nxc8 Qxc8 32. f3 Rf4 33. Rg2 d5 34. Qc3 d4 35. Qd3 1/2-1/2

[Event "Wch U12"]
[Site "Batumi"]
[Date "2016.10.28"]
[Round "9"]
[White "Bousmaha, Wassel"]
[Black "Dalbashvili, Levan"]
[Result "1-0"]
[WhiteElo "1765"]
[BlackElo "1521"]
[PlyCount "37"]
[EventDate "2016.10.19"]
[EventType "swiss"]
[EventRounds "11"]
[EventCountry "GEO"]
[SourceTitle "EXT 2018"]
[Source "ChessBase"]
[SourceDate "2017.10.13"]
[SourceVersion "1"]
[SourceVersionDate "2017.10.13"]
[SourceQuality "1"]

1. e4 d6 2. d4 Nf6 3. Nc3 Nbd7 4. Nf3 e5 5. Bc4 Be7 6. 0-0 0-0 7. Qe2 c6 8. a4 a5 9. Rd1 Qc7 10. h3 h6 11. dxe5 dxe5 12. Nh4 Nb6 13. Bb3 Re8 14. Qf3 Nbd7 15. Qg3 g5 16. Bxg5 Nh5 17. Qf3 Bxg5 18. Qxf7+ Kh8 19. Ng6# 1-0

[Event "Wch U12"]
[Site "Batumi"]
[Date "2016.10.22"]
[Round "4"]
[White "Naqopia, Giorgi"]
[Black "Bousmaha, Wassel"]
[Result "0-1"]
[WhiteElo "1493"]
[BlackElo "1765"]
[PlyCount "66"]
[EventDate "2016.10.19"]
[EventType "swiss"]
[EventRounds "11"]
[EventCountry "GEO"]
[SourceTitle "EXT 2018"]
[Source "ChessBase"]
[SourceDate "2017.10.13"]
[SourceVersion "1"]
[SourceVersionDate "2017.10.13"]
[SourceQuality "1"]

1. d4 d5 2. Nf3 e6 3. Bg5 Be7 4. Bxe7 Nxe7 5. Nbd2 0-0 6. e3 b6 7. Bd3 h6 8. c3 Bb7 9. 0-0 Nd7 10. e4 dxe4 11. Nxe4 Nd5 12. Qd2 N5f6 13. Ng3 c5 14. Ne5 Qc7 15. f4 Rad8 16. Qe2 cxd4 17. cxd4 Qd6 18. Rad1 Qxd4+ 19. Kh1 Qc5 20. Rc1 Qd6 21. Rfd1 Qb8 22. Nxd7 Nxd7 23. f5 e5 24. Nh5 Nf6 25. Bc4 Rd6 26. Nxf6+ Rxf6 27. Qh5 Bc6 28. Bd5 Bxd5 29. Rxd5 Rd8 30. Rcd1 Rxd5 31. Rxd5 Qc8 32. Qd1 Qxf5 33. Kg1 Qf2+ 0-1

[Event "Wch U12"]
[Site "Batumi"]
[Date "2016.10.21"]
[Round "3"]
[White "Bousmaha, Wassel"]
[Black "Amanzhol, Sultan"]
[Result "1/2-1/2"]
[WhiteElo "1765"]
[BlackElo "1770"]
[PlyCount "35"]
[EventDate "2016.10.19"]
[EventType "swiss"]
[EventRounds "11"]
[EventCountry "GEO"]
[SourceTitle "EXT 2018"]
[Source "ChessBase"]
[SourceDate "2017.10.13"]
[SourceVersion "1"]
[SourceVersionDate "2017.10.13"]
[SourceQuality "1"]

1. e4 c5 2. Nf3 d6 3. c3 Nf6 4. Be2 Nc6 5. d4 cxd4 6. cxd4 e6 7. Nc3 Be7 8. 0-0 0-0 9. Bf4 Qb6 10. Qd2 Rd8 11. h3 e5 12. Be3 exd4 13. Nxd4 Nxd4 14. Bxd4 Qa5 15. Rad1 Be6 16. a3 Bb3 17. Rc1 h6 18. Qe3 1/2-1/2

[Event "Wch U12"]
[Site "Batumi"]
[Date "2016.10.20"]
[Round "2"]
[White "Oosthuizen, Michal Jacobus"]
[Black "Bousmaha, Wassel"]
[Result "1/2-1/2"]
[WhiteElo "1329"]
[BlackElo "1765"]
[PlyCount "53"]
[EventDate "2016.10.19"]
[EventType "swiss"]
[EventRounds "11"]
[EventCountry "GEO"]
[SourceTitle "EXT 2018"]
[Source "ChessBase"]
[SourceDate "2017.10.13"]
[SourceVersion "1"]
[SourceVersionDate "2017.10.13"]
[SourceQuality "1"]

1. d4 d5 2. Bf4 Nf6 3. e3 c5 4. c3 Qb6 5. Qb3 c4 6. Qxb6 axb6 7. Na3 Bd7 8. Nc2 Nc6 9. Nf3 e6 10. Ne5 g6 11. Be2 Be7 12. 0-0 h6 13. a3 g5 14. Bg3 h5 15. Nxc6 Bxc6 16. Be5 Rh7 17. Bxf6 Bxf6 18. f4 g4 19. g3 Ke7 20. Rf2 Rah8 21. Bf1 h4 22. Bg2 hxg3 23. hxg3 Ra8 24. Nb4 Rh6 25. e4 dxe4 26. Nxc6+ bxc6 27. Bxe4 1/2-1/2

[Event "Africa-ch U12"]
[Site "Port Elizabeth"]
[Date "2016.08.23"]
[Round "3"]
[White "Schoeman, Ewald"]
[Black "Bousmaha, Wassel"]
[Result "0-1"]
[WhiteElo "1452"]
[BlackElo "1769"]
[PlyCount "27"]
[EventDate "2016.08.22"]
[EventType "swiss"]
[EventRounds "9"]
[EventCountry "RSA"]
[SourceTitle "CBM 174 Extra"]
[Source "ChessBase"]
[SourceDate "2016.10.10"]
[SourceVersion "1"]
[SourceVersionDate "2016.10.10"]
[SourceQuality "1"]

1. d4 d5 2. Nc3 e6 3. e4 Bb4 4. e5 Ne7 5. Nf3 Nd7 6. Bd3 h6 7. 0-0 0-0 8. Ne2 c5 9. c3 Ba5 10. Ne1 cxd4 11. cxd4 f6 12. f4 fxe5 13. fxe5 Bb6 14. Kh1 0-1

[Event "Algiers op 4th"]
[Site "Algiers"]
[Date "2016.02.25"]
[Round "7"]
[White "Khial, Mohamed Saleh Eddin"]
[Black "Bousmaha, Wassel"]
[Result "0-1"]
[WhiteElo "2013"]
[BlackElo "1760"]
[PlyCount "44"]
[EventDate "2016.02.21"]
[EventType "swiss"]
[EventRounds "9"]
[EventCountry "ALG"]
[SourceTitle "CBM 171 Extra"]
[Source "ChessBase"]
[SourceDate "2016.04.26"]
[SourceVersion "1"]
[SourceVersionDate "2016.04.26"]
[SourceQuality "1"]

1. e4 e5 2. Nf3 Nc6 3. Bc4 Nf6 4. Ng5 d5 5. exd5 Na5 6. Bb5+ c6 7. dxc6 bxc6 8. Be2 h6 9. Nh3 g5 10. d3 Bg7 11. Nc3 0-0 12. f3 Bxh3 13. gxh3 Qd4 14. Ne4 Nd5 15. Bd2 Nb7 16. a4 Nf4 17. Bf1 f5 18. Nf2 e4 19. Bxf4 gxf4 20. dxe4 Qxb2 21. Rg1 Qc3+ 22. Ke2 Qe3# 0-1

[Event "Wch U10"]
[Site "Porto Carras"]
[Date "2015.10.26"]
[Round "2"]
[White "Bousmaha, Wassel"]
[Black "Tsvetkov, Andrey"]
[Result "1-0"]
[WhiteElo "1753"]
[BlackElo "2174"]
[PlyCount "69"]
[EventDate "2015.10.26"]
[EventType "swiss"]
[EventRounds "11"]
[EventCountry "GRE"]
[SourceTitle "CBM 169 Extra"]
[Source "ChessBase"]
[SourceDate "2015.12.18"]
[SourceVersion "1"]
[SourceVersionDate "2015.12.18"]
[SourceQuality "1"]

1. e4 e6 2. d4 d5 3. Nd2 Nc6 4. Ngf3 Nf6 5. e5 Nd7 6. Bb5 a6 7. Bxc6 bxc6 8. 0-0 c5 9. c3 Be7 10. Re1 0-0 11. Nf1 cxd4 12. cxd4 c5 13. Be3 a5 14. Rc1 Bb7 15. dxc5 Rc8 16. Qb3 Ba8 17. Qa3 Qc7 18. Bd4 Bxc5 19. Bxc5 Nxc5 20. Rc2 d4 21. Rec1 Bxf3 22. gxf3 Qxe5 23. Rxc5 Rxc5 24. Rxc5 Qe2 25. Rxa5 g6 26. Ra8 Rxa8 27. Qxa8+ Kg7 28. b3 d3 29. Qe4 f5 30. Qe3 e5 31. a4 e4 32. fxe4 fxe4 33. a5 Qa2 34. Qxe4 Qxa5 35. Qxd3 1-0

[Event "FRA-chT U20 16 GP Haute 1213"]
[Site "France"]
[Date "2013.05.19"]
[Round "10"]
[White "Zachary, Matheo"]
[Black "Bousmaha, Wassel"]
[Result "1-0"]
[WhiteElo "1329"]
[BlackElo "1454"]
[PlyCount "67"]
[EventDate "2012.12.01"]
[EventType "team"]
[EventRounds "11"]
[EventCountry "FRA"]
[SourceTitle "EXT 2014"]
[Source "ChessBase"]
[SourceDate "2013.11.20"]
[SourceVersion "1"]
[SourceVersionDate "2013.11.20"]
[SourceQuality "1"]
[WhiteTeam "Mulhouse (U20)"]
[BlackTeam "Creteil (U20)"]
[WhiteTeamCountry "FRA"]
[BlackTeamCountry "FRA"]

1. e4 e5 2. Nf3 Nc6 3. Bb5 a6 4. Ba4 Nf6 5. 0-0 Bc5 6. Re1 b5 7. Bb3 d6 8. h3 0-0 9. c3 Bb7 10. d4 Bb6 11. Bg5 Qe7 12. d5 Nb8 13. Nbd2 Nbd7 14. Nf1 Nc5 15. Bc2 h6 16. Bh4 Rad8 17. b3 a5 18. Qd2 c6 19. c4 b4 20. Ng3 Ncd7 21. Nf5 Qe8 22. Nxd6 Qe7 23. Nxb7 Rb8 24. dxc6 Nc5 25. Nxc5 Bxc5 26. Bxf6 Qxf6 27. Qd5 Qe7 28. Qxe5 Qxe5 29. Nxe5 Bd4 30. Nd7 Bxa1 31. Nxf8 Rxf8 32. Rd1 Bc3 33. c7 Rb8 34. Rd8+ 1-0

[Event "World School-ch U09 9th"]
[Site "Porto Carras"]
[Date "2013.05.10"]
[Round "5"]
[White "Bousmaha, Wassel"]
[Black "Stoyanov, Tsvetan"]
[Result "0-1"]
[WhiteElo "1441"]
[BlackElo "1677"]
[PlyCount "60"]
[EventDate "2013.05.07"]
[EventType "swiss"]
[EventRounds "9"]
[EventCountry "GRE"]
[SourceTitle "CBM 154 Extra"]
[Source "ChessBase"]
[SourceDate "2013.06.25"]
[SourceVersion "2"]
[SourceVersionDate "2013.06.25"]
[SourceQuality "1"]

1. e4 e5 2. Nf3 Nc6 3. Bc4 Nf6 4. Ng5 d5 5. exd5 Nd4 6. c3 b5 7. Bf1 Nxd5 8. Ne4 Ne6 9. Bxb5+ Bd7 10. Bxd7+ Qxd7 11. 0-0 f5 12. Ng3 g6 13. Re1 Bg7 14. Qb3 0-0 15. d3 Rab8 16. Qc2 Rfd8 17. Na3 Ndf4 18. Nc4 Nxd3 19. Rd1 e4 20. b3 Qc6 21. Ba3 Nef4 22. Be7 Rd7 23. Bg5 Nd5 24. Bd2 Qf6 25. Ne2 f4 26. Nd4 c5 27. Ne2 f3 28. Ng3 fxg2 29. Nxe4 Qf3 30. Ng5 Qxf2# 0-1

[Event "World School-ch U09 9th"]
[Site "Porto Carras"]
[Date "2013.05.10"]
[Round "4"]
[White "Uzumcu, Ahmet Utku"]
[Black "Bousmaha, Wassel"]
[Result "0-1"]
[WhiteElo "1604"]
[BlackElo "1441"]
[PlyCount "70"]
[EventDate "2013.05.07"]
[EventType "swiss"]
[EventRounds "9"]
[EventCountry "GRE"]
[SourceTitle "CBM 154 Extra"]
[Source "ChessBase"]
[SourceDate "2013.06.25"]
[SourceVersion "2"]
[SourceVersionDate "2013.06.25"]
[SourceQuality "1"]

1. e4 e5 2. Nf3 Nc6 3. d4 exd4 4. Nxd4 Bc5 5. Nb3 Bb6 6. Nc3 Nf6 7. Qe2 0-0 8. Bg5 Re8 9. Nd5 Nd4 10. Nxd4 Bxd4 11. c3 c6 12. Nxf6+ Bxf6 13. Bf4 Qe7 14. f3 d5 15. exd5 cxd5 16. Qxe7 Rxe7+ 17. Be2 Bf5 18. Rd1 Rae8 19. Rd2 Bd3 20. Rxd3 Rxe2+ 21. Kd1 Rxb2 22. Re1 Rb1+ 23. Bc1 Rxc1+ 24. Kxc1 Rxe1+ 25. Kd2 Ra1 26. Rxd5 Rxa2+ 27. Kd3 Kf8 28. Rd7 Rxg2 29. Rxb7 Ra2 30. Rb8+ Ke7 31. Rb7+ Ke6 32. Rc7 Be5 33. Rc6+ Kd7 34. Rc5 Bxh2 35. Rh5 h6 0-1